<?xml version="1.0" encoding="UTF-8"?>
<record
    xmlns:xsi="http://www.w3.org/2001/XMLSchema-instance"
    xsi:schemaLocation="http://www.loc.gov/MARC21/slim http://www.loc.gov/standards/marcxml/schema/MARC21slim.xsd"
    xmlns="http://www.loc.gov/MARC21/slim">

  <leader>00582nam a2200109Ia 4500</leader>
  <controlfield tag="008">171212s9999    xx            000 0 und d</controlfield>
  <datafield tag="100" ind1=" " ind2=" ">
    <subfield code="a">Carman, Katherine Grace;Chandra, Anita;Miller, Carolyn;Trujillo, Matthew D.;Yeung, Douglas</subfield>
  </datafield>
  <datafield tag="245" ind1=" " ind2=" ">
    <subfield code="c">Carman, Katherine Grace;Chandra, Anita;Miller, Carolyn;Trujillo, Matthew D.;Yeung, Douglas</subfield>
    <subfield code="a">Development of the Robert Wood Johnson Foundation National Survey of Health Attitudes</subfield>
    <subfield code="b">Description and Top-Line Summary Data</subfield>
  </datafield>
  <datafield tag="260" ind1=" " ind2=" ">
    <subfield code="b">RAND Corporation</subfield>
    <subfield code="c">2016</subfield>
  </datafield>
  <datafield tag="650" ind1=" " ind2=" ">
    <subfield code="a">Health Sciences</subfield>
  </datafield>
  <datafield tag="856" ind1=" " ind2=" ">
    <subfield code="u">http://jstor.org/stable/10.7249/j.ctt19rmdjx</subfield>
  </datafield>
  <datafield tag="999" ind1=" " ind2=" ">
    <subfield code="c">351953</subfield>
    <subfield code="d">351953</subfield>
  </datafield>
  <datafield tag="952" ind1=" " ind2=" ">
    <subfield code="0">0</subfield>
    <subfield code="1">0</subfield>
    <subfield code="4">0</subfield>
    <subfield code="a">CL</subfield>
    <subfield code="b">CL</subfield>
    <subfield code="d">2017-12-12</subfield>
    <subfield code="l">0</subfield>
    <subfield code="r">2017-12-12 00:00:00</subfield>
    <subfield code="w">2017-12-12</subfield>
    <subfield code="y">CBE</subfield>
  </datafield>
</record>
